| 000 | 00972nam a2200253 i 4500 | ||
|---|---|---|---|
| 001 | 13125 | ||
| 003 | ES-MaACL | ||
| 005 | 20230906150512.0 | ||
| 007 | t| | ||
| 008 | 971210s1996 sp a |||| | spa d | ||
| 020 | _a84-7788-158-8 | ||
| 080 | _a902/4(460.285 T) | ||
| 245 | 0 | 0 |
_aToledo, arqueología en la ciudad / _c[F.J. Sánchez-Palencia (et al.) ; coordina, Servicio de Bienes de Interes Cultural]. |
| 250 | _a1ª ed. | ||
| 260 |
_aToledo : _bServicio de Publicaciones de la Junta de Comunidades de Castilla-La Mancha, _c1996. |
||
| 300 |
_a319 p. : _bil. ; _c30 cm. |
||
| 490 | 1 |
_aPatrimonio histórico-arqueología Castilla-La Mancha ; _v13 |
|
| 651 |
_aToledo- _xRestos arqueológicos. _99448 |
||
| 700 | 1 |
_aSánchez-Palencia, F. Javier. _9102826 |
|
| 710 | 1 |
_aCastilla-La Mancha. _bJunta de Comunidades. _92495 |
|
| 830 | 0 |
_aPatrimonio histórico-arqueología Castilla-La Mancha ; _v13 _9228193 |
|
| 852 |
_aES-MaACL _jL-20422 |
||
| 999 |
_c13125 _d13125 |
||